00907 a2200193 45000010006000000050017000060080041000230030015000640400040000790800059001192450060001780200018002382640033002563000019002895050271003080410008005791000031005878560095006184118220260407155705.0260407a2005 arg spa dAR-UNSa-BCEJYS aAR-UNSa-BCEJYSbspacAR-UNSa-BCEJYS a347.74xContratos mercantiles (comerciales...leasing))10aContratos comerciales de uso actualpdoctrina - modelos a950-894-481-1 1aBuenos Aires :bAD-HOCc2005 a176 p.c23 cm. a1. Palabras previas y advertencias - 2. Consideraciones elementales contractuales puras - 3. Consideraciones sobre la teoría general de la representación - 4. El contrato de agencia comercial - 5. El contrato de concesión privada - 6. El contrato de suministro aspa1 aDeppeler, Néstor R. (h.)41uhttps://biblioeco.unsa.edu.ar/pmb/images/libros/L126411.jpgyImagen de portadaqimage/jpeg